[Event "Salou Salauris op 1st"]
[Site "Salou"]
[Date "2021.06.27"]
[Round "7"]
[White "Garcia Arroba Romero, Adrian"]
[Black "Barberans Sola, Sebastian"]
[Result "1-0"]
[WhiteElo "1835"]
[BlackElo "1869"]
[PlyCount "57"]
[EventDate "2021.06.25"]
[EventType "swiss"]
[EventRounds "7"]
[EventCountry "ESP"]
[SourceTitle "CBM 203 Extra"]
[Source "ChessBase"]
[SourceDate "2021.09.30"]
[SourceVersion "1"]
[SourceVersionDate "2021.09.30"]
[SourceQuality "1"]

1. e4 e6 2. d4 d5 3. Bd3 Nf6 4. e5 Nfd7 5. Nf3 c5 6. c3 Nc6 7. 0-0 Be7 8. a3 c4 9. Bc2 b5 10. h3 a5 11. Nh2 0-0 12. Qh5 f5 13. Kh1 Qe8 14. Qe2 Qf7 15. Rg1 Bb7 16. Nd2 b4 17. Ndf3 Qh5 18. g4 fxg4 19. Rxg4 b3 20. Bb1 Rf7 21. Bg5 Bxg5 22. Nxg5 Re7 23. Bxh7+ Kh8 24. Nhf3 Ncxe5 25. Rh4 Qxh4 26. Nxh4 Rf8 27. Rg1 Rf6 28. dxe5 Rh6 29. Ng6+ 1-0

[Event "Salou op U2300 3rd"]
[Site "Salou"]
[Date "2018.04.29"]
[Round "4"]
[White "Subarroca Blanch, Francesco"]
[Black "Garcia Arroba Romero, Adrian"]
[Result "1-0"]
[WhiteElo "1765"]
[BlackElo "1430"]
[PlyCount "28"]
[EventDate "2018.04.28"]
[EventType "swiss"]
[EventRounds "7"]
[EventCountry "ESP"]
[SourceTitle "CBM 184 Extra"]
[Source "ChessBase"]
[SourceDate "2018.06.28"]
[SourceVersion "1"]
[SourceVersionDate "2018.06.28"]
[SourceQuality "1"]

1. e4 c5 2. Nf3 d6 3. Nc3 Nc6 4. d4 cxd4 5. Nxd4 Nf6 6. Bg5 e6 7. Qd2 Be7 8. Nf3 a6 9. 0-0-0 Ne5 10. Bxf6 Nxf3 11. Bxe7 Nxd2 12. Bxd8 Nxf1 13. Bb6 Nxh2 14. Rxh2 Kd7 1-0